000 00602nam a22002417a 4500
001 24671
003 UA-OsUOA
005 20210726101135.0
007 ta
008 20040226b un ||||| |||| 00| 0 ukr d
020 _a5244009397
040 _aUA-OsUOA
_brus
_cUA-OsUOA
_dUA-OsUOA
041 _arus
044 _aRU
080 _a340.12(091)
090 _a340.12(091)
_bА72
245 _aАнтология мировой правовой мысли
260 _aМ.
_bМысль
_c1999
300 _a813 с.
650 7 _a340 Право в цілому
_2UDC
942 _cBK
_2udc
955 _a2
999 _c310951
_d310951